000
00301nam a22001337a 4500
008
170904b xxu||||| |||| 00| 0 eng d
020
_a
9780534612962
041
_a
eng
080
_2
7 ED
_a
070
100
_a
40
101
_a
MED
245
_a
PUBLIC RELATIONS WRITING
_c
NEWSOM.D
942
_2
udc
_c
BK
999
_c
26002
_d
26002